000
00403nam a2200133Ia 4500
008
100328s9999 xx 000 0 und d
082
_b
70472
100
_a
गोडबोले अरुण.
245
_a
सिनेमाचे दिवस.
260
_b
कौशिक.
630
_a
सिनेमाचे दिवस.
730
_a
सिनेमाचे दिवस.
942
_c
BOOK
999
_c
556198
_d
556195